RUGBY - Les clubs de nationale 1 - 24/25 - Statistiques

Statistiques générales
  • Ce quiz a été pris 36 fois
  • Le résultat moyen est 8 sur 14
Statistiques - réponses
Réponse % Correct
Racing Club Narbonnais
90%
US Carcassonnaise
76%
Stade Olympique Chamberien Rugby Savoie Mont-Blanc
72%
Rouen Normandie Rugby
69%
SC Albi
69%
CA Perigourdin
62%
Rugby Club Massy Essonne
59%
Stado Tarbes Pyrennees rugby
59%
Stade Langonnais
55%
US Bressane
55%
Rugby Club de Suresnes - Hauts De Seine
45%
OL Marcquois Rugby
41%
Rugby Club Hyeres Carqueiranne La Crau
41%
CS Bourgouin Jallieu
7%
Aucun quiz correspondant
Distribution des résultats
% des personnes avec chaque résultat
Percentile par nombre de réponses
Votre historique - résultats
Vous n’avez pas pris ce quiz